Landen die Nederland verslaan - Statistieken

Algemene statistieken
  • Deze quiz is 3.004 keer genomen
  • De gemiddelde score is 8 van 17
Antwoordstatistieken
Positie Categorie Landen % Correct
4 Geografisch het dichtst bij Groot-Brittannië Ierland | Frankrijk | België
97%
3 Langste grens met Duitsland Oostenrijk | Tsjechië
82%
3 (t) De meeste overwinningen op het Eurovisie Songfestival Ierland | Zweden
71%
5 Land met de meeste inwoners beginnend met N Nigeria | Nepal | Noord-Korea | Niger
70%
3 Kleinste EU-stichtend lid naar oppervlakte Luxemburg | België
67%
4 Land met de meeste inwoners dat eindigt op "land" Rusland | Duitsland | Thailand
60%
6 Dichtste wegennet[2] Monaco | Malta | België | Bahrein | Singapore
59%
6 De meeste FIFA Wereldkampioenschap- wedstrijden zonder titel Mexico | België | Zweden | Zwitserland | Rusland-Sovjet Unie
55%
11 Het meest democratische land[3] Noorwegen | IJsland | Zweden | Nieuw-Zeeland | Finland | Ierland | Canada | Denemarken | Australië | Zwitserland
55%
2 Meest fietsvriendelijke hoofdstad[1] Denemarken
37%
5 Hoogste bevolkingsdichtheid onder landen met een bevolking >10 miljoen Bangladesh | Taiwan | Zuid-Korea | Rwanda
33%
3 Hoogste BBP per hoofd in landen met een bevolking> 10 miljoen Verenigde Staten | Taiwan
31%
6 De meeste export per hoofd Liechtenstein | Singapore | België | Zwitserland | Ierland
26%
4 Meeste kaas per hoofd geproduceerd (2014) Nieuw-Zeeland | Denemarken | Tsjechië
24%
3 Eigenaar van het meest zuidelijke Caribische eiland van meer dan 100 km 2 Trinidad en Tobago | Venezuela
20%
2 Hoofdstad met de laagste hoogte
Tip: # 1 ligt aan een binnenzee
Azerbeidzjan
14%
2 Het meeste land teruggewonnen van de zee China
14%
Geen overeenkomende quizzen gevonden
Scoreverdeling
Procent van Mensen met Elke Score
Percentiel versus Aantal Correcte Antwoorden
Uw Scoregeschiedenis
U heeft deze quiz nog niet genomen